1916 1288 1027 1246 1155 1213 1024 1107 1158 1675 1252 1532 1350 1222 1910 1847 1494 1048 1197 1922 1438 1090 1497 1944 1896 1375 1126 1352 1971 1101 1366 1705 1083 1381 1049 1634 1436 1950 1922 1589 1511 1966 1872 1115 1893 1722 1164 1118 1180 1528 1802 1716 1887 1171 1558 1626 1724 1707 1910 1437 1038 1060 1586 1450 1678 1996 1140 1718 1376 1836 1649 1003 1053 1969 1533 1766 1565 1774 1005 1917 1201 1162 1623 1368 1769 1934 1667 1791 1648 1684 1166 1753 1277 1882 1749 1965 1709 1291 1006 BCNSPRNW ULIB Ver.6.0+V

เปลี่ยนเป็นภาษาไทย

Change to English
 แสดงรายละเอียดบรรณานุกรม
  กลับหน้าหลัก

Brief Record : Get Marc (ISO 2709) : E-mail record : QR code < ปิดหน้าต่าง
LEADER : 00000nam a2200000Ia 4500
001    13399125500
003     ULIB
008    160818s2558 th a 000 0 tha d
020    ^a9786162104015
040    ^acl
060 04 ^aWG120^bป231ฮ
100 0  ^aประชา กัญญาประสิทธิ์.
245 10 ^aฮือฮาสูตรยาหมอเบิร์ด ล้างเส้นเลือดให้เรียบใสใน 3 เดือน /^cประชากัญญาประสิทธิ์ รวบรวมและเรียบเรียง : พินิจ จันทร, ถนอมศักดิ์ จิรายุสวัสดิ์
260    ^aกรุงเทพฯ :^bปัญญาชน,^c2558
300    ^a152 หน้า :^bภาพประกอบ ;^c21 ซม.
505 0  ^aรู้ทันโรคอัมพฤกษ์ อัมพาต -- สุดยอด 3 สมุนไพรหมอเบิร์ด
650  0 ^aParalysis
650  0 ^aCerebrovascular disease
650  0 ^aCardiovascular system^xDiseases^xNutritional aspects.
650  0 ^aHerbs
650  4 ^aอัมพาต
650  4 ^aหลอดเลือดสมอง^xโรค
650  4 ^aระบบหัวใจและหลอดเลือด^xโรค^xแง่โภชนาการ
650  4 ^aสมุนไพร^xการใช้รักษา
700 0  ^aพินิจ จันทร.
700 0  ^aถนอมศักดิ์ จิรายุสวัสดิ์.
945    ^p125^l0^i25197
945    ^p125^l0^i25198
945    ^p125^l0^i25199
995    ^aกัณชพร
999    ^aกัณชพร
รายการนี้ยังไม่มีแท็ก
คุณยังไม่ได้ล็อกอิน คุณสามารถมีกิจกรรมร่วมกับเว็บไซต์ได้ แต่ต้องล็อกอินก่อน ::
  ล็อกอิน

รายการสื่อสารสนเทศ

ลำดับที่ ประเภท เลขเรียก/บาร์โค้ด สถานที่ สถานะ
1. หนังสือสำรอง
หนังสือสำรอง
WG120 ป231ฮ ฉ.1 
  Barcode: 25197
ห้องสมุดวิทยาเขตนครสวรรค์
►หนังสือทั่วไป:l:General Books
บนชั้น
2. วิทยาศาสตร์การแพทย์ และสุขภาพ
วิทยาศาสตร์การแพทย์ และสุขภาพ
WG120 ป231ฮ ฉ.2 
  Barcode: 25198
ห้องสมุดวิทยาเขตนครสวรรค์
►หนังสือทั่วไป:l:General Books
บนชั้น
3. วิทยาศาสตร์การแพทย์ และสุขภาพ
วิทยาศาสตร์การแพทย์ และสุขภาพ
WG120 ป231ฮ ฉ.3 
  Barcode: 25199
ห้องสมุดวิทยาเขตนครสวรรค์
►หนังสือทั่วไป:l:General Books
บนชั้น

รายการใกล้เคียง
    ผู้แต่ง [ประชา กัญญาประสิทธิ์.]

    หัวเรื่อง [Paralysis]
    หัวเรื่อง [Cerebrovascular disease]
    หัวเรื่อง [Herbs]
    หัวเรื่อง [อัมพาต]

BibComment


ยังไม่เคยถูกคอมเมนท์

คอมเมนท์ทรัพยากรรายการนี้
  คอมเมนท์: ฮือฮาสูตรยาหมอเบ..


 Copyright 2026. Bcnsprnw @Library